000 00512nam a2200193Ia 4500
005 20250326141033.0
008 250326s9999 xx 000 0 und d
037 _aTextbook
040 _aFMSL
_beng
_cFMSL
041 _aeng
_2eng
084 _aX:9 L9
_qFMSL
100 _aMonapp A
_9743579
245 0 _aPersonnel management
_cMonapp A; Saiyrdain M S
250 _a2
260 _aNew Delhi
_bNew Delhi, McGraw-Hill
_c1979
300 _a423p
942 _cTB
_hX:9 L9
999 _c1288411
_d1288411